| 000 | 00672nam a22001817a 4500 | ||
|---|---|---|---|
| 008 | 220223b |||||||| |||| 00| 0 eng d | ||
| 020 | _a9781625238818 | ||
| 050 | _aR 838.5 .M33 2015 | ||
| 245 |
_aMCAT physics and math review/ _cedited by Alexander Stone Macnow. |
||
| 250 | _a2nd ed. | ||
| 260 |
_aNew York : _b Kaplan Publishing, _c2016. |
||
| 300 |
_axxi, 450 pages : _billustrations ; _c28 cm |
||
| 500 | _aIncludes index | ||
| 650 | _a Medical College Admission Test -- Study guides. | ||
| 650 | _aPhysics -- Examinations -- Study guides. | ||
| 650 | _aMathematics -- Examinations -- Study guides. | ||
| 942 |
_2lcc _cBOOKS _hR 838.5 .M33 2015 |
||
| 999 |
_c31142 _d31142 |
||